000 01243cam a2200229 4500
001 Wb3633-30
008 000000n2000 000 0 eng u
035 _a(Sirsi) u107972
245 _aDon't play around
260 _c2000
490 _aEstates Gazette
_v(0033) 19 August 2000, 73(1)
520 _a Discusses the case of "Jolley v Sutton LBC" in which the CA ruled the local authority were not liable under the Occupier's Liability Act 1957 to a 14 year old boy. The case arose from a boat which was left to rot by a block of flats in south London in the late 1980s. In 1990 the claimant and a friend decided to renovate the boat, and whilst using a car jack to lift the bow onto a trailer, the boat collapsed on the claimant, breaking his back and causing paraplegia. On 18 May the HL allowed the boy's appeal. The resulting decision means that an occupier who fails to deal with obvious dangers on their land, may be liable if injuries of an unexpected nature occur on their land. See WB3625-23.
590 _aWB
650 _aJOLLEY V SUTTON LBC
650 _aSOUTH LONDON
650 _aDUTY OF CARE
650 _aOCCUPIERS LIABILITY ACT 1957
650 _aBOAT
650 _aINJURIES
690 _aPROPERTY
942 _n0
999 _c64502
_d64502